Countries With Apple Stores - Statistics

General Stats
  • This quiz has been taken 65 times
  • The average score is 19 of 24
Answer Stats
Apple Stores Country % Correct
28 Canada
98%
272 United States
98%
50 China
94%
38 UK
94%
2 Mexico
93%
2 Brazil
91%
11 Spain
91%
22 Australia
89%
20 France
89%
16 Germany
87%
17 Italy
85%
3 South Korea
83%
3 Singapore
80%
3 Sweden
80%
1 Belgium
78%
3 Netherlands
78%
3 Turkey
76%
4 UAE
76%
1 Austria
74%
4 Switzerland
74%
2 Taiwan
59%
2 Thailand
54%
6 Hong Kong
28%
2 Macao
6%
No matching quizzes found
Score Distribution
Percent of People with Each Score
Percentile by Number Answered
Your Score History
You have not taken this quiz